00414nam a2200145Ia 4500008004100000082001600041082000800057245003500065245001800100260001800118300000900136942000800145999001900153952009600172231017s9999 xx 000 0 und d a388.4091724 bSCH 4aThe 2005 Urban Mobility Report 0cDavid Schrank bDavid Schrank c30cm cREP c604207d604207 00104070aNITbNITd2023-10-17l0o388.4091724 SCHpNIT-2043r2023-10-17w2023-10-17yREP